Натуралист на мушке, или Групповой портрет с природой: пер. с англ.

Podrobná bibliografie
Hlavní autor: Даррелл Дж. М. Джеральд Малкольм
Další autoři: Флинт В. (автор предисловия)
Jazyk:ruština
Vydáno: Москва, Мир, 1989
Témata:
Médium: MixedMaterials Kniha
KOHA link:https://koha.lib.tpu.ru/cgi-bin/koha/opac-detail.pl?biblionumber=126698

MARC

LEADER 00000nam0a2200000 4500
001 126698
005 20231101220017.0
010 |a 5030011250 
035 |a (RuTPU)RU\TPU\book\137058 
090 |a 126698 
100 |a 20071203d1989 m y0rusy50 ca 
101 1 |a rus  |c eng 
102 |a RU 
105 |a a z 000ay 
200 1 |a Натуралист на мушке, или Групповой портрет с природой  |e пер. с англ.  |f Д. Даррелл  |g авт. предисл. В. Флинт 
210 |a Москва  |c Мир  |d 1989 
215 |a 192 с.  |c ил. 
610 1 |a английская литература 
610 1 |a живая природа 
675 |a 82  |v 3 
700 1 |a Даррелл  |b Дж. М.  |c английский ученый-зоолог  |c писатель-анималист  |f 1925-1995  |g Джеральд Малкольм  |2 stltpush  |3 (RuTPU)RU\TPU\pers\25747  |9 11648 
702 1 |a Флинт  |b В.  |4 080 
801 1 |a RU  |b 63413507  |c 20071203  |g PSBO 
801 2 |a RU  |b 63413507  |c 20141219  |g RCR 
942 |c BK